00770 2200289 4500001002100000005001500021035002000036007000300056040001700059245006800076300002900144020001800173041000800191082000800199084001400207090002300221264003400244336002100278337003000299338002300329650001900352850001000371008004100381100002600422250001200448990002000460INLIS00000000000875920260518100407 a0010-1022000134ta aSBPUPADbind1 aMe And Global Environment :bAku Dan Lingkunganku /cNur Farida a143 hlm :bilus. ;c21cm a97897902590270 aind a813 a813 NUR m a676.2 TIM k L21-10 a.--Jakarta :bGrasindo,c2009 2rdacontentateks 2rdamediaatanpa perantara 2rdacarrieravolume 4aBuku Anak Anak aPUPAD260518 1 0 aNur FaridaePengarang a.-cet.1 a253/S-KAPD-2011